Responses for show #8242 - Tuesday, September 22, 2020

Contestants

[<< previous game]

Reshima Wilkinson, a researcher from Venice, California

Tyler Brill, a freelance writer from Simi Valley, California

Dana Hill, a book dealer and stay-at-home mom from Simi Valley, California (whose 1-day cash winnings total $25,200)

[next game >>]

Jeopardy! Round responses

YOU GOTTA FIGHT!
EUROPEAN HISTORY IS A DOWNER
HODGEPODGE
FOOD SCIENCE
THE LANGUAGE OF LIKE
WESTWARD HO!
(Alex: We will give you a state; you have to identify the state that has the longest border on the western side of the one we give you.)
    $200 5
(Tyler: What is boxing?)

judo

Tyler!Reshima
    $200 7
a potato

Tyler!
    $200 4
a pitchfork

Reshima
    $200 1
pretzels

Dana
    $200 9
appreciate

Dana
    $200 24
Alabama

Tyler!
    $400 6
Manny Pacquiao

Tyler!
    $400 8
trials

Reshima
    $400 22
(Alex: With less than a minute.)

Felipe

Dana
    $400 2
lead

Dana
    $400 10
dig

Tyler!
    $400 25
Idaho

Tyler!
    $600 19
Hurricane

Dana
    $600 11
avalanches

Tyler!
    $600 21
ex post facto

Tyler!
    $600 3
starch

Triple Stumper
    $600 16
fancy

Dana
    $600 26
Illinois

Dana
    $800 27
Jon "Bones" Jones

Triple Stumper
    $800 12
(Dana: What is crucified?)
(Reshima: What is beheading?)

burned at the stake

DanaReshima
Triple Stumper
    $800 20
Vandals

Triple Stumper
    $800 14
lactose

Dana
    $2,000 17
revere

Dana
    $1000 28
[The end-of-round signal sounds.]
(Alex: My hero.)

(Gordie) Howe

Dana
    $1000 13
the Mafia

Dana
    $1000 23
(John) Locke

Dana
    $1000 15
an emulsifier

Dana
    $1000 18
cherish

Tyler!

Scores at the first commercial break (after clue 15):

Dana Tyler! Reshima
$2,800 $1,400 $0

Scores at the end of the Jeopardy! Round:

Dana Tyler! Reshima
$9,000 $3,600 $0

Double Jeopardy! Round responses

AMERICANS IN PARIS
COUNTRY CLUBS?
THE MAN, THE POETRY
MUSIC FESTIVALS
DADDY! PAPA!
3 Ns
    $400 6
Julia Child

Tyler!
    $400 25
INTERPOL

Tyler!
    $400 8
(e.e.) cummings

Tyler!
    $400 13
Coachella

Dana
    $400 16
daddy longlegs

Dana
    $400 1
innings

Tyler!
    $800 7
(Tyler: Who is Copland?)

(George) Gershwin

DanaTyler!
    $800 26
the World Trade Organization

Tyler!
    $800 9
(Edgar Allan) Poe

Dana
    $800 14
Seattle

Reshima
    $800 17
Papa John's

Tyler!
    $800 2
nonfiction

Tyler!
    $1200 18
(Tyler: Who is Lauder?)

Gertrude Stein

Tyler!Reshima
    $1200 27
Agriculture

Tyler!
    $1200 10
(Walt) Whitman

Dana
    $1200 15
Lollapalooza

Dana
    $1200 20
a Sugar Daddy

Tyler!
    $1200 3
incrimination

Dana
    $4,000 23
(Tyler: Who is... Thomas Jefferson?)

Robert Fulton

Tyler!
    $1600 28
sea-levels

Tyler!
    $5,000 11
Tennyson

Dana
    $1600 19
electronic dance music

Reshima
    $1600 21
Voodoo

Tyler!
    $1600 4
reincarnation

Dana
    $2000 24
(Dana: Who is Sartre?)
...
(Alex: Less than a minute now.)

Henry Miller

Dana
Triple Stumper
    $2000 29
development

Reshima
    $2000 12
Shelley

Dana
    $2000 30
Bonnaroo

Triple Stumper
    $2000 22
Cat on a Hot Tin Roof

Tyler!
    $2000 5
a nunnery

Tyler!

Scores at the end of the Double Jeopardy! Round:

Dana Tyler! Reshima
$21,600 $11,200 $5,600

[wagering suggestions for these scores]

Final Jeopardy! Round responses

DIPLOMACY
(Reshima: I started to write [*].)
...
(Alex: We thought one of you at least would go for India, but that too is incorrect.)
...
(Alex: The elephant has a very important place in the history of [*], or [**].)
ReshimaWhat is Th
$5,000
Tyler!What is India?
$11,195
DanaWhat is Korea
$2,000
Thailand (Siam)

Final scores:

Dana Tyler! Reshima
$19,600 $5 $600
2-day champion: $44,800 3rd place: $1,000 2nd place: $2,000

Game dynamics:

Coryat scores:

Dana Tyler! Reshima
$17,000 $15,200 $5,600
23 R
(including 2 DDs),
2 W
21 R,
4 W
(including 1 DD)
7 R,
1 W

Combined Coryat: $37,800

The J! Archive is created by fans, for fans. The Jeopardy! game show and all elements thereof, including but not limited to copyright and trademark thereto, are the property of Jeopardy Productions, Inc. and are protected under law. This website is not affiliated with, sponsored by, or operated by Jeopardy Productions, Inc. Join the discussion at JBoard.tv.